000 00810nam a2200241 i 4500
001 134867
003 ES-MaACL
005 20230906194747.0
007 t|
008 070629s1982 sp |||| | spa d
020 _a84-85208-26-9
080 _a394.46(460)
245 0 0 _aTiempo de fiesta :
_bensayos antropológicos sobre las fiestas en España /
_cedición de Honorio M. Velasco ; [texto], Salvador Rodríguez Becerra ... [et al.].
260 _a[Madrid :
_bTres-Catorce-Diecisiete,
_c1982]
300 _a252 p. :
_bgráf. ;
_c22 cm.
490 1 _aAlatar ;
_v7
650 4 _aFiestas-
_xEspaña.
_912778
700 1 _aVelasco Maillo, Honorio M.
_9113761
700 1 _aRodríguez Becerra, Salvador.
_998378
830 1 _aAlatar ;
_v7
_9219884
852 4 _aES-MaACL
_jL-2618
999 _c134867
_d134867